Schuld und Gefährlichkeit im Jugendstrafrecht
| Autor principal: | |
|---|---|
| Tipo de documento: | Print Libro |
| Lenguaje: | Alemán |
| Publicado: |
Tübingen
Mohr
1962
|
| En: |
Recht und Staat in Geschichte und Gegenwart (248/249)
Año: 1962 |
| Disponibilidad en Tübingen: | Disponible en Tübingen. IFK: F III 8 |
| Verificar disponibilidad: | HBZ Gateway |
| Servicio de pedido Subito: | Pedir ahora. |
| Palabras clave: |
MARC
| LEADER | 00000cam a2200000 c 4500 | ||
|---|---|---|---|
| 001 | 1072774097 | ||
| 003 | DE-627 | ||
| 005 | 20260206192445.0 | ||
| 007 | tu | ||
| 008 | 850101s1962 gw ||||| 00| ||ger c | ||
| 035 | |a (DE-627)1072774097 | ||
| 035 | |a (DE-603)052841529 | ||
| 035 | |a (DE-576)002774097 | ||
| 035 | |a (DE-599)BSZ002774097 | ||
| 035 | |a (OCoLC)183294470 | ||
| 035 | |a (OCoLC)05119861 | ||
| 035 | |a (OCoLC)263639493 | ||
| 035 | |a (DE-604)805669458x | ||
| 040 | |a DE-627 |b ger |c DE-627 |e rakwb | ||
| 041 | |a ger | ||
| 044 | |c XA-DE | ||
| 050 | 0 | |a KK9657 | |
| 084 | |a 1 |2 ssgn | ||
| 084 | |a 2 |2 ssgn | ||
| 084 | |a CC 7600 |2 rvk |0 (DE-625)rvk/17687: | ||
| 084 | |a PH 4420 |2 rvk |0 (DE-625)rvk/136135: | ||
| 084 | |a PC 4720 |2 rvk |0 (DE-625)rvk/135084: | ||
| 084 | |2 rvk |0 (DE-625)rvk17687 | ||
| 084 | |a 86.33 |2 bkl | ||
| 100 | 1 | |a Hellmer, Joachim |d 1925-1991 |0 (DE-588)104921900 |0 (DE-627)537984194 |0 (DE-576)161371337 |4 aut | |
| 109 | |a Hellmer, Joachim 1925-1991 | ||
| 245 | 1 | 0 | |a Schuld und Gefährlichkeit im Jugendstrafrecht |c von Joachim Hellmer |
| 264 | 1 | |a Tübingen |b Mohr |c 1962 | |
| 300 | |a 62 S. | ||
| 336 | |a Text |b txt |2 rdacontent | ||
| 337 | |a ohne Hilfsmittel zu benutzen |b n |2 rdamedia | ||
| 338 | |a Band |b nc |2 rdacarrier | ||
| 490 | 1 | |a Recht und Staat in Geschichte und Gegenwart |v 248/249 | |
| 583 | 1 | |a Archivierung/Langzeitarchivierung gewährleistet |f PEBW |x XA-DE-BW |2 pdager |5 DE-24 | |
| 583 | 1 | |a Archivierung/Langzeitarchivierung gewährleistet |f SSG |x XA-DE-BW |2 pdager |5 DE-21 | |
| 650 | 0 | |a Juvenile Delinquency |z Germany (West) | |
| 650 | 0 | |a Guilt (Law) |z Germany (West) | |
| 650 | 0 | 7 | |0 (DE-588)4028943-6 |0 (DE-627)106276425 |0 (DE-576)208980164 |a Jugendstrafrecht |2 gnd |
| 650 | 0 | 7 | |0 (DE-588)4053460-1 |0 (DE-627)104180919 |0 (DE-576)209103930 |a Schuld |2 gnd |
| 689 | 0 | 0 | |d s |0 (DE-588)4053460-1 |0 (DE-627)104180919 |0 (DE-576)209103930 |a Schuld |2 gnd |
| 689 | 0 | 1 | |d s |0 (DE-588)4028943-6 |0 (DE-627)106276425 |0 (DE-576)208980164 |a Jugendstrafrecht |2 gnd |
| 689 | 0 | |5 (DE-627) | |
| 830 | 0 | |a Recht und Staat in Geschichte und Gegenwart |v 248/249 |9 248 |w (DE-627)13010180X |w (DE-576)015634345 |w (DE-600)502135-2 |x 0340-7012 |7 am | |
| 889 | |w (DE-627)021397872 | ||
| 935 | |a mteo | ||
| 935 | |i mdedup | ||
| 935 | |h HEB |i 0501 | ||
| 935 | |h HEB |i 0503 | ||
| 936 | r | v | |a CC 7600 |b Rechtsphilosophie |k Philosophie |k Systematische Philosophie |k Rechts-, Gesellschafts- und Staatsphilosophie |k Rechtsphilosophie |0 (DE-627)1270639145 |0 (DE-625)rvk/17687: |0 (DE-576)200639145 |
| 936 | r | v | |a PH 4420 |b Einzeldarstellungen |k Rechtswissenschaft |k Strafrecht, Strafverfahrensrecht, Kriminologie |k Nebenstrafrecht |k Jugendstrafrecht |k Einzeldarstellungen |0 (DE-627)1272237168 |0 (DE-625)rvk/136135: |0 (DE-576)202237168 |
| 936 | r | v | |a PC 4720 |b Sammelwerke |k Rechtswissenschaft |k Allgemeines zum juristischen Studium und zur Rechtswissenschaft |k Festschriften, Sammelwerke |k Sammelwerke |0 (DE-627)1271142279 |0 (DE-625)rvk/135084: |0 (DE-576)201142279 |
| 936 | r | v | |0 (DE-625)rvk17687 |
| 936 | b | k | |a 86.33 |j Strafrecht: Allgemeines |0 (DE-627)106422413 |
| 936 | s | n | |a c100 |2 mzub |
| 936 | s | n | |a p100 |2 mzub |
| 951 | |a BO | ||
| ELC | |b 1 | ||
| LOK | |0 000 xxxxxcx a22 zn 4500 | ||
| LOK | |0 001 2020979888 | ||
| LOK | |0 003 DE-627 | ||
| LOK | |0 004 1072774097 | ||
| LOK | |0 005 20020607000000 | ||
| LOK | |0 008 930628||||||||||||||||ger||||||| | ||
| LOK | |0 040 |a DE-21-110 |c DE-627 |d DE-21-110 | ||
| LOK | |0 852 |a DE-21-110 | ||
| LOK | |0 852 1 |c F III 8 |m p |9 00 | ||
| LOK | |0 935 |a k110 | ||
| LOK | |0 936ln |a 5.5.1 | ||
| LOK | |0 938 |k p | ||
| LOK | |0 939 |a 28-06-93 |b l01 | ||
| ORI | |a SA-MARC-krimdoka001.raw | ||
| SIG | |a IFK: F III 8 | ||
